[Event "Wch U12"]
[Site "Batumi"]
[Date "2022.09.27"]
[Round "11"]
[White "Grooten, Tommy"]
[Black "Das, Aditeya"]
[Result "0-1"]
[WhiteElo "1862"]
[BlackElo "1712"]
[PlyCount "90"]
[EventDate "2022.09.16"]
[EventType "swiss"]
[EventRounds "11"]
[EventCountry "GEO"]
[SourceTitle "EXT 2023"]
[Source "ChessBase"]
[SourceDate "2022.10.05"]
[SourceVersion "1"]
[SourceVersionDate "2022.10.05"]
[SourceQuality "1"]

1. d4 d5 2. c4 c6 3. cxd5 cxd5 4. Nc3 Nf6 5. Nf3 Nc6 6. Bf4 a6 7. Qc2 Bg4 8. e3 e6 9. a3 Bd6 10. Bxd6 Qxd6 11. Nd2 Bf5 12. Bd3 Bxd3 13. Qxd3 0-0 14. h3 Nd7 15. 0-0 f5 16. f4 Nf6 17. b4 Ne4 18. Ncxe4 fxe4 19. Qe2 a5 20. b5 Ne7 21. a4 b6 22. Rfc1 Rfc8 23. Nf1 Rc7 24. Rc2 Rxc2 25. Qxc2 Rc8 26. Qb2 Qc7 27. Qa3 Kf7 28. Ra2 Qc3 29. Qxc3 Rxc3 30. Kf2 Nf5 31. g3 Nd6 32. Nd2 Nc4 33. Nxc4 dxc4 34. Ke2 Ke7 35. Kd2 Rd3+ 36. Ke2 Kd6 37. Ra1 Kd5 38. g4 g6 39. Rb1 c3 40. h4 Kc4 41. Rd1 c2 42. Rc1 Kc3 43. h5 Kb2 44. Rxc2+ Kxc2 45. f5 exf5 0-1

[Event "Wch U12"]
[Site "Batumi"]
[Date "2022.09.25"]
[Round "9"]
[White "Chankseliani, Davit"]
[Black "Das, Aditeya"]
[Result "0-1"]
[WhiteElo "1354"]
[BlackElo "1712"]
[PlyCount "77"]
[EventDate "2022.09.16"]
[EventType "swiss"]
[EventRounds "11"]
[EventCountry "GEO"]
[SourceTitle "EXT 2023"]
[Source "ChessBase"]
[SourceDate "2022.10.05"]
[SourceVersion "1"]
[SourceVersionDate "2022.10.05"]
[SourceQuality "1"]

1. e4 e6 2. d4 d5 3. exd5 exd5 4. Bd3 Bd6 5. h3 Nf6 6. Nf3 0-0 7. 0-0 Be6 8. Ng5 h6 9. Nxe6 fxe6 10. c4 c6 11. Re1 Re8 12. Nc3 Nbd7 13. Be3 Nf8 14. Qd2 Qd7 15. Bf4 Qc7 16. Bxd6 Qxd6 17. c5 Qc7 18. f4 b6 19. b4 a5 20. a3 Nh5 21. Ne2 g6 22. Qe3 b5 23. Qf3 Ng7 24. Qf2 Ra7 25. Reb1 Rea8 26. Qe1 Nh5 27. g3 axb4 28. axb4 Rxa1 29. Rxa1 Rxa1 30. Qxa1 g5 31. Qd1 gxf4 32. Nxf4 Nxg3 33. Qg4+ Qg7 34. Kf2 Nf5 35. Nxe6 Nxe6 36. Qxf5 Nxd4 37. Qc8+ Qf8+ 38. Qxf8+ Kxf8 39. Kg3 0-1

[Event "Wch U12"]
[Site "Batumi"]
[Date "2022.09.18"]
[Round "3"]
[White "El Behi, Hatem"]
[Black "Das, Aditeya"]
[Result "1-0"]
[WhiteElo "1385"]
[BlackElo "1712"]
[PlyCount "133"]
[EventDate "2022.09.16"]
[EventType "swiss"]
[EventRounds "11"]
[EventCountry "GEO"]
[SourceTitle "EXT 2023"]
[Source "ChessBase"]
[SourceDate "2022.10.05"]
[SourceVersion "1"]
[SourceVersionDate "2022.10.05"]
[SourceQuality "1"]

1. e4 e6 2. d3 d5 3. Nd2 Nf6 4. Ngf3 c5 5. g3 Nc6 6. Bg2 dxe4 7. dxe4 e5 8. 0-0 Bg4 9. c3 Qd7 10. Nc4 Qe6 11. Qe2 Be7 12. Ne3 0-0 13. Nxg4 Qxg4 14. Re1 h6 15. h3 Qe6 16. Nh4 Rfd8 17. Nf5 Bf8 18. g4 Nh7 19. Qf3 g6 20. Ne3 Ne7 21. Bf1 Ng5 22. Qg2 Qf6 23. Be2 Qc6 24. h4 Ne6 25. Nc4 Qc7 26. Qg3 Bg7 27. Ne3 Qc6 28. Bf3 Nf4 29. Nd5 Nfxd5 30. exd5 Qd6 31. c4 f5 32. gxf5 Nxf5 33. Qg4 h5 34. Qg5 Bh6 35. Qg2 Nxh4 36. Qg3 Nxf3+ 37. Qxf3 Bxc1 38. Raxc1 Rf8 39. Qe3 Rae8 40. f4 Qd7 41. Qg3 Rxf4 42. Qxg6+ Qg7 43. Qxg7+ Kxg7 44. Rf1 Ref8 45. Rfe1 R8f5 46. Re3 Rg5+ 47. Kh2 Rh4+ 48. Rh3 Rxh3+ 49. Kxh3 Rg4 50. b3 Kf6 51. Rf1+ Rf4 52. Rg1 Rd4 53. Rf1+ Kg6 54. Rg1+ Kh6 55. Rg8 e4 56. Re8 Kg5 57. Re5+ Kf4 58. Rxh5 e3 59. Kg2 Rd1 60. Rh4+ Kf5 61. Kf3 Re1 62. Rf4+ Kg5 63. Re4 Ra1 64. Kxe3 Rxa2 65. d6 Ra6 66. Re5+ Kf6 67. Rd5 1-0